Far from the tree : a dozen kinds of love /

Saved in:
Bibliografiske detaljer
Hovedforfatter: Solomon, Andrew
Format: Bog
Sprog:engelsk
Udgivet: London : Chatto & Windus, 2013
Tags: Tilføj Tag
Ingen Tags, Vær først til at tagge denne postø!

MARC

LEADER 00000nam a22000007i 4500
001 IT\ICCU\PAR\1214935
003 ItRI
005 20240326165723.0
008 130319s2013 xxk|||||| ||||| |||||c
020 |a 9780701176112 
040 |b ita  |c GP 
041 7 |a eng  |2 ISO-639-2 
100 1 |a Solomon, Andrew  |0 IT\ICCU\USMV\594006 
245 1 0 |a Far from the tree :  |b a dozen kinds of love /  |c by Andrew Solomon. 
260 |a London :  |b Chatto & Windus,  |c 2013 
300 |a 962 p. ;  |c 24 cm. 
942 |2 ddc  |c BK 
952 |0 0  |1 0  |2 ddc  |4 0  |6 810_000000000000000_SOL  |7 1  |9 1064  |a RM  |b RM  |d 2024-03-26  |l 0  |o 810 SOL  |p 572  |r 2024-03-26 16:57:52  |w 2024-03-26  |y BK 
981 1 |6 z01  |a i   |b xxxe  
982 1 |6 z01  |a n 
999 |c 971  |d 971